Á lódáil...

The Bhagavad Gītā /

Sonraí Bibleagrafaíochta
Údair Eile: Edgerton, Franklin (ed.)
Formáid: Printed Book
Teanga:English
Foilsithe: Cambridge, Mass. : Harvard University Press, c1972.
Sraith:A Harvard paperback, 34
Ábhair:
LEADER 01014cam a2200229 4500
008 730104s1972 mau b 001 0 eng
020 |a 0674069250 
082 0 0 |a 294.5/924 
130 0 |a Bhagavadgītā.  |l English. 
245 1 4 |a The Bhagavad Gītā /  |c translated and interpreted by Franklin Edgerton. 
260 |a Cambridge, Mass. :  |b Harvard University Press,  |c c1972. 
300 |a xv, 202 p. ;  |c 20 cm. 
350 |a $1.95 
490 0 |a A Harvard paperback,  |v 34 
500 |a "Originally published as volumes 38 and 39 of the Harvard Oriental series ... The Sanskrit text and Sir Edwin Arnold's translation have been omitted in this edition." 
504 |a Includes bibliographical references. 
653 |a Bhagavadgītā  |a Sanskrit literature 
700 1 |a Edgerton, Franklin,  |e ed. 
906 |a 7  |b cbc  |c orignew  |d 2  |e ncip  |f 19  |g y-gencatlg 
942 |c BK 
999 |c 277318  |d 277318 
952 |0 0  |1 0  |2 ddc  |4 0  |6 294_500000000000000_924_BHA  |7 0  |9 311907  |a PHL  |b PHL  |c ST1  |d 2016-02-25  |i 1333  |l 0  |o 294.5/924 BHA  |p PHL1333  |r 2016-02-25  |y BK